Animals Celebrating St. Patrick's Day Quiz Stats

 Plays Quiz Updated Mar 17, 2020

Support Sporcle.
Go Orange.
Score 0/15 Timer 04:00
6 Plays Today
% Correct
Pig
99.7%
Dog
96.5%
Bull
90%
Horse
88.6%
Bearded Dragon
87.8%
Tortoise
87.7%
Cat
87.4%
Goat
87.3%
% Correct
Snake
87.3%
Sheep
85.2%
Rabbit
84.9%
Guinea Pig
83.9%
Rat
83.7%
Otter
82.9%
Ferret
81.1%

From the Vault

Most NBA Playoff Points per Decade

by DrCbus

Sports 10m
When it comes to the NBA, it's really all about the playoffs.
Remove Ads.
Support Sporcle.
Get the best of Sporcle when you Go Orange. This ad-free experience offers more features, more stats, and more fun while also helping to support Sporcle. Thank you for becoming a member.

Show Comments

Extras

Top Quizzes Today


Score Distribution

Your Account Isn't Verified!

In order to create a playlist on Sporcle, you need to verify the email address you used during registration. Go to your Sporcle Settings to finish the process.

Report this User

Report this user for behavior that violates our Community Guidelines.

Details: